000
00198nam a2200073Ia 4500
008
170817s9999 xx 000 0 und d
100
_a
CHAYYA M.P.
245
0
_a
EFFECTIVE TEACHING STRATGIES& INTRO-IN EDUCATION
260
_b
ALPHA PUB
999
_c
37330
_d
37330